Письмо Е. Ф. Тютчевой, фрейлины императрицы (подпись «Ек. Т.»), А. Ф. Благонравову, председателю съезда мировых судей Юрьевского...

RUSMARC
00006199cmc2a2200000 x 450
00189621b1f-7c44-4cd5-a660-49c7ff174db4
00520151117120459.0
100##$a20140530l18821882k l0rusy0189 ca
1010#$arus
102##$aRU
2001#$aПисьмо Е. Ф. Тютчевой, фрейлины императрицы (подпись «Ек. Т.»), А. Ф. Благонравову, председателю съезда мировых судей Юрьевского округа Владимирской губернии (с обращением «Александр Федорович»), о желании крестьян села [Волствиново Юрьевского уезда Владимирской губернии] иметь свой причт, о посещении Москвы К. П. Победоносцевым
$j26 февраля 1882 г.
251##$cДело
300##$aРукописный текст. Чернила
300##$aОригинальный заголовок дела: Письмо неустановленного лица за подписью "Е. Т." неустановленному лицу с обращением "Александр Федорович". 26 февраля 1882 г
801#0$aRU
$bРГИА
$c20140530
801#1$aRU
$bГлавНИВЦ
$c20140530
$2rusmarc
801#2$aRU
$bПБ им. Б.Н. Ельцина
$c20151030
$gRCR
$2rusmarc
850##$aФедеральное казенное учреждение "Российский государственный исторический архив"
852##$aРГИА
$j131
937##$hРГИА
$d11478653
$aASBIBLIO_SCAN
461#0$10015e8db685-8d8d-4e3a-a7fe-5805b9da23ef
$12001
$aПобедоносцев Константин Петрович (1827-1907)
$1251
$cФонд
$1852
$j1574
462#0$1001a41a2499-c01d-4642-9306-12ecb1f7d3f5
$12001
$aЛичные материалы Константина Петровича Победоносцева
$vД. 131
$1251
$cОпись
$1852
$j1
215##$a3 листа
$d36,5х26 см
371##$aДокумент не является опубликованным и широко распространяемым
105##$ay###
1220#$ad18820226##
5171#$aПисьмо неустановленного лица за подписью "Е. Т." неустановленному лицу с обращением "Александр Федорович"
$e26 февраля 1882 г.
035##$a89621b1f-7c44-4cd5-a660-49c7ff174db4
60102$aРусская православная церковь
$jДокументы и материалы
$yВладимирская губерния
$2prlib_sh
$3LIBNET\UAF\0000061032
600#1$aПобедоносцев
$bК.П.
$f1827 – 1907
$gКонстантин Петрович
$jДокументы и материалы
$2nlr_sh
$3RU\NLR\AUTH\66321471
605##$aВласть
$lколлекция
$2acquisition_Prlib
$3DITM\AF\0000002775
605##$aНарод
$lколлекция
$2acquisition_Prlib
$3DITM\AF\0000003834
686##$a63.3(2)53ю1
$2rubbk
$vLBC/M
686##$a63.3(28-8Вла)53ю1
$vLBC/M
$2rubbk
686##$a86.372.24-353ю1
$2rubbk
$vLBC/M
617##$cВладимирская губерния
$2prlib_sh
617##$cВладимирская область
$2prlib_sh
8564#$uhttp://www.prlib.ru/Lib/pages/item.aspx?itemid=130916
Формат отображения